Представление документа в формате MARC21

Поле Инд. ПП Название Значение
Тип записи a
Библиографический уровень m
001 Контрольный номер RU/IS/BASE/506093049
005 Дата корректировки 20251128153642.4
020 a ISBN 9785446819300
084 a Индекс другой классификации/Индекс ББК 20.173я73; 20.1ця73
090 a Полочн. индекс 20.173я73 испр.
x Авторский знак Н 833
100 1_ a Автор Вишняков Я. Д.
q Полное имя Вишняков Яков Дмитриевич
100 1_ a Автор Бурцева Н. Н.
q Полное имя Бурцева Наталья Николаевна
100 1_ a Автор Киселева С. П.
q Полное имя Киселева Светлана Петровна
100 1_ a Автор Рыков С. В.
q Полное имя Рыков Станислав Витальевич
100 1_ a Автор Рязанова Н. Е.
q Полное имя Рязанова Наталья Евгеньевна
245 10 a Заглавие Нормирование и снижение загрязнения окружающей среды
b Продолж. заглавия учебник для вузов
c Ответственность под редакцией Я. Д. Вишнякова
260 a Место издания Москва
b Издательство Академия
c Дата издания 2015
300 a Объем 368 с.
b Иллюстрации/ тип воспроизводства ил.
336 a Термин вида содержания Текст
337 a Термин типа средства непосредственный
440 _0 a Серия Высшее образование: Бакалавриат
504 a Библиография Список лит.: с. 304. - Прил.: с. 344
521 0_ a Примеч. о целев. назн. студенты
541 1_ a Номер заявки 4604
b Заявитель Лазарева Г.А.
c Факультет/Кафедра/Подразделение Кафедра экологии и наук о Земле
d Дата заявки 02.11.2015
f Дисциплина Нормирование и снижение загрязнения окружающей среды
h Уровень подготовки Бакалавриат
n Количество экземпляров 15
650 04 a Основная рубрика экологическая защита
a Основная рубрика экология
653 0_ a Ключевые слова антропогенное воздействие
a Ключевые слова государственный кадастр отходов
a Ключевые слова загрязнение воздуха
a Ключевые слова загрязнение гидросферы
a Ключевые слова загрязнение окружающей среды
a Ключевые слова загрязнение почв
a Ключевые слова мониторинг окружающей среды
a Ключевые слова нормирование
a Ключевые слова отходы
a Ключевые слова охрана окружающей среды
a Ключевые слова стандартизация
a Ключевые слова экологический мониторинг
655 a Жанр/ форма (устаревшее) учебное пособие
900 a Имя электронного ресурса obl_Vishnyakov_normirovanie_i_snijenie
x Справочная информация Обложка
901 t Тип документа m
952 a Тип литературы для КСУ ВШ УИ
954 a Гриф 1.2.2